この自動車はどこのメーカー? - Statistics

General Stats
  • This quiz has been taken 104 times
  • The average score is 35 of 50
Answer Stats
Hint Answer % Correct
プリウス / Prius トヨタ
97%
クラウン / CROWN トヨタ
90%
ノート / Note 日産
88%
N-BOX ホンダ
87%
セレナ / Serena 日産
87%
タント / Tanto ダイハツ
86%
ヤリス / Yaris トヨタ
86%
アルファード / Alphard トヨタ
85%
カローラ / Corolla トヨタ
83%
シエンタ / Sienta トヨタ
82%
スカイライン / Skyline 日産
81%
ハイエース / Hiace トヨタ
81%
ハスラー / Hustler スズキ
78%
ランドクルーザー / Land Cruiser トヨタ
78%
フィット / Fit ホンダ
77%
アクア / AQUA トヨタ
77%
ヴェルファイア / VELLFIRE トヨタ
76%
CX-5 マツダ
74%
ジムニー / Jimny スズキ
74%
ヴォクシー / VOXY トヨタ
74%
エクストレイル / X-Trail 日産
74%
ノア / NOAH トヨタ
73%
フリード / Freed ホンダ
73%
スイフト / Swift スズキ
72%
キャラバン / CARAVAN 日産
72%
ステップワゴン / Step WGN ホンダ
72%
ソリオ / Solio スズキ
69%
ムーヴ / Move ダイハツ
68%
デリカD:5 / Delica D:5 三菱
68%
キューブ / cube 日産
67%
インプレッサ / Impreza スバル
67%
ハリアー / HARRIER トヨタ
67%
エルグランド / ELGRAND 日産
65%
ロードスター / Roadster マツダ
65%
スープラ / Supra トヨタ
64%
エルフ / Elf いすゞ
63%
シビック / CIVIC ホンダ
63%
ヴェゼル / Vezel ホンダ
60%
スペーシア / Spacia スズキ
60%
パジェロ / PAJERO 三菱
60%
ミライース / Mira e:S ダイハツ
60%
フォレスター / Forester スバル
59%
ワゴンR / WAGON R スズキ
58%
NSX ホンダ
56%
プロボックス / Probox トヨタ
53%
レヴォーグ / Levorg スバル
53%
アウトランダー / Outlander 三菱
51%
ハイゼット / Hijet ダイハツ
49%
ガーラ / Gala いすゞ
47%
エブリイ / Every スズキ
45%
No matching quizzes found
Score Distribution
Percent of People with Each Score
Percentile by Number Answered
Your Score History
You have not taken this quiz